Mistrzowie Europy w piłce nożnej - nagła śmierć - Statystyki

Ogólne statystyki
  • Ten quiz został rozwiązany 443 razy
  • Średni wynik to 7 z 10
Answers on the Grid
Answers color-coded by a green-red scale on the quiz's grid according to % correct below.
Anglia
Austria
Belgia
Chorwacja
Czechosłowacja
Czechy
Dania
Francja
Grecja
Hiszpania
Holandia
Jugosławia
Niemcy
Polska
Portugalia
Szwecja
Turcja
Węgry
Włochy
Związek Radziecki
 
Statystyki odpowiedzi
Odpowiedź % Poprawnych
Hiszpania
84%
Niemcy
81%
Francja
79%
Włochy
79%
Portugalia
70%
Grecja
68%
Związek Radziecki
61%
Dania
56%
Czechosłowacja
53%
Holandia
52%
Nie znaleziono quizów pasujących do podanych kryteriów
Rozkład punktacji
Procent ludzi z każdym wynikiem
Percentyl według liczby udzielonych odpowiedzi
Twoja historia wyników
Nie rozwiązałeś tego quizu